| 000 | 01716cam a22003855a 4500 | ||
|---|---|---|---|
| 999 |
_c26855 _d26827 |
||
| 001 | 19346071 | ||
| 005 | 20180924151817.0 | ||
| 008 | 161018t2017 nyua frb 001 0 eng d | ||
| 010 | _a 2016047743 | ||
| 020 | _a9781259640919 (pbk.) | ||
| 020 | _a1259640914 (pbk.) | ||
| 020 | _a9781260084139 (International ed.) | ||
| 020 | _a1260084132 (International ed.) | ||
| 035 | _a(DNLM)101694559 | ||
| 040 |
_aDNLM/DLC _beng _cDLC _dEG-ScBUE |
||
| 082 | 0 | 4 |
_a615.58 _bPHA _222 |
| 245 | 0 | 0 |
_aPharmacotherapy casebook : _ba patient-focused approach / _ceditors, Terry L. Schwinghammer, Julia M. Koehler, Jill S. Borchert, Douglas Slain, Sharon K. Park. |
| 250 | _a10th ed., International ed. | ||
| 260 |
_aNew York : _bMcGraw-hill Education, _cc.2017. |
||
| 300 |
_axviii, 462 p. : _bill. ; _c29 cm. |
||
| 500 | _aComplemented by Pharmacotherapy / [editors], Joseph T. DiPiro, Robert L. Talbert, Gary C. Yee, Gary R. Matzke, Barbara G. Wells, L. Michael Posey ; associate editors, Vicki Ellingrod, Stuart Haines, Thomas Nolin. Tenth edition. 2017. | ||
| 504 | _aIncludes bibliographical references and index. | ||
| 520 | _aMore than 160 cases help students develop the problem-solving and decision-making skills necessary to succeed in real-world clinical practice | ||
| 650 | 7 |
_aChemotherapy _vCase studies. _2BUEsh _936704 |
|
| 650 | 7 |
_aPhysiology, Pathological _vCase studies. _2BUEsh |
|
| 651 | _2BUEsh | ||
| 653 |
_bPPhrm _cSeptember2018 |
||
| 655 | _vText book | ||
| 700 | 1 |
_aSchwinghammer, Terry L., _eeditor. |
|
| 700 | 1 |
_aKoehler, Julia M., _eeditor. |
|
| 700 | 1 |
_aBorchert, Jill S., _eeditor. |
|
| 700 | 1 |
_aSlain, Douglas, _d1967- _eeditor. |
|
| 700 | 1 |
_aPark, Sharon K., _eeditor. |
|
| 942 | _2ddc | ||